000 00814nam a2200229 a 4500
001 57405
003 BD-RjUL
005 20211209080515.0
008 160812s2016 bg ||||| |||| 00| 0 ben d
020 _a9789849171874
_c: Tk.400.00
035 _a(BD-RjUL)57529
040 _aBD-RjUL
_bben
_cBD-RjUL
_dBD-RjUL
041 _aben
082 _223
_a891.444
_bIMF 2016
100 _aইমন, রহমতউল্লাহ
_9170404
245 1 0 _aফেসবুক কড়া চা /
_cরহমতউল্লাহ ইমন
260 _aঢাকা :
_bনন্দিতা প্রকাশ,
_c২০১৬.
300 _a২০৮ পৃ. :
_bচিত্র ;
_c২৩ সেমি.
650 _aবাংলা প্রবন্ধ
_9170454
650 _aBengali Essays
_9170481
942 _2ddc
_cBK
_06
999 _c57405
_d57405